00376nam a22001337a 450000500170000000800410001704100230005808200130008110000120009424500390010626000370014530000340018265000260021620240823103054.0240823b |||||||| |||| 00| 0 eng d aEnglish/Afrikaans  a349 LAW  lEnglish aThe Laws of South West Africa 1966 aWindhoek: bBy Authority, c1966 blxxxiii, 185 pages; c25 cm.  aLegal practice bLaw